[Event "2015 Standard Chess Dropout Tournament, Round 2"]
[Site "SchemingMind.com"]
[Date "2015.03.11"]
[Round "2"]
[White "paradox"]
[Black "private napoleon"]
[Result "1-0"]
[WhiteCountry "GER"]
[BlackCountry "ENG"]
[WhiteElo "2216"]
[WhiteRD "176"]
[BlackElo "1744"]
[BlackRD "80"]
[GameID "376566"]

1. Nf3 g6 2. g3 Bg7 3. Bg2 e5 4. d3 d5 5. O-O f5 6. Nbd2 Ne7 7. e4 d4 8. exf5 gxf5 9. Re1 Nbc6 10. Nc4 Ng6
11. Bg5 Qd7 12. Ncxe5 Ncxe5 13. Nxe5 Nxe5 14. Bf4 O-O 15. Bxe5 Bxe5 16. Rxe5 Qd6 17. Bd5+ Kh8 18. Qe2 Bd7 19. f4 Rae8 20. Bxb7 Rb8
21. Bd5 Rxb2 22. Bb3 Bc6 23. Re1 Bb7 24. Re8 Bc6 25. Rxf8+ Qxf8 26. Qe5+ Qg7 27. Qxf5
1-0

[Event "2015 Standard Chess Dropout Tournament, Round 2"]
[Site "SchemingMind.com"]
[Date "2015.03.12"]
[Round "2"]
[White "chesshub"]
[Black "Kid A"]
[Result "1-0"]
[WhiteCountry "FRA"]
[BlackCountry "FIN"]
[WhiteElo "2487"]
[WhiteRD "72"]
[BlackElo "1941"]
[BlackRD "76"]
[GameID "376567"]

1. e4 e5 2. Nf3 Nc6 3. Bb5 a6 4. Ba4 Nf6 5. O-O Be7 6. Re1 b5 7. Bb3 O-O 8. c3 d5 9. exd5 Nxd5 10. Nxe5 Nxe5
11. Rxe5 c6 12. d4 Bd6 13. Re1 Qh4 14. g3 Qh3 15. Re4 g5 16. Qf1 Qh5 17. Nd2 Bf5 18. f3 Rae8 19. Qf2 g4 20. Rxe8 Rxe8
21. Bd1 Ne3 22. Ne4 Bxe4 23. Qxe3 gxf3 24. Qg5+ Qg6 25. Kf2 c5 26. Be3 cxd4 27. cxd4 a5 28. Rc1 Be7 29. Qxb5 Bc6 30. Rxc6
1-0

[Event "2015 Standard Chess Dropout Tournament, Round 2"]
[Site "SchemingMind.com"]
[Date "2015.03.14"]
[Round "2"]
[White "Andreas Flato"]
[Black "Mekk"]
[Result "0-1"]
[WhiteCountry "GER"]
[BlackCountry "POL"]
[WhiteElo "1766"]
[WhiteRD "95"]
[BlackElo "1796"]
[BlackRD "91"]
[GameID "376568"]

1. e4 e6 2. f4 d5 3. Nc3 dxe4 4. Nxe4 Nf6 5. d3 Be7 6. Be3 O-O 7. Nf3 b6 8. Be2 Bb7 9. Nxf6+ Bxf6 10. c3 c5
11. O-O Nd7 12. Qc2 Rc8 13. Rad1 Qc7 14. g4 g6 15. h4 Bg7 16. Rf2 Nf6 17. Ng5 h5 18. Ne4 Nxg4 19. Bxg4 hxg4 20. Rh2 Bxe4
21. dxe4 f5 22. exf5 exf5 23. Qf2 Rcd8 24. Rxd8 Rxd8 25. Kg2 c4 26. h5 Qc6+ 27. Kg3 g5 28. fxg5 Be5+ 29. Bf4 Rd3+ 30. Kh4 g3
0-1

[Event "2015 Standard Chess Dropout Tournament, Round 2"]
[Site "SchemingMind.com"]
[Date "2015.03.16"]
[Round "2"]
[White "Andrew Burruss"]
[Black "Derek Price"]
[Result "0-1"]
[WhiteCountry "USA"]
[BlackCountry "ENG"]
[WhiteElo "1311"]
[WhiteRD "97"]
[BlackElo "2347"]
[BlackRD "87"]
[GameID "376569"]

1. d4 d5 2. Nc3 Nf6 3. Bg5 Nbd7 4. f3 h6 5. Bf4 c6 6. e4 e6 7. Bd3 Qb6 8. Nge2 dxe4 9. fxe4 e5 10. dxe5 Ng4
11. Qd2 Qf2+ 12. Kd1 Ndxe5 13. Bb5 cxb5 14. Nxb5 Qc5 15. Kc1 Qxb5 16. Rd1 Be7 17. Bg3 Nc4 18. Qd4 O-O 19. Be5 Ngxe5 20. Rf1 Rd8
21. Qf2 Qxb2#
0-1

[Event "2015 Standard Chess Dropout Tournament, Round 2"]
[Site "SchemingMind.com"]
[Date "2015.03.16"]
[Round "2"]
[White "ampp"]
[Black "kazaki"]
[Result "0-1"]
[WhiteCountry "POR"]
[BlackCountry "POL"]
[WhiteElo "1477"]
[WhiteRD "99"]
[BlackElo "1928"]
[BlackRD "94"]
[GameID "376571"]

1. e4 c6 2. d4 d5 3. e5 Bf5 4. Bd3 Bxd3 5. Qxd3 e6 6. Nf3 Qb6 7. c3 Ne7 8. O-O Qa6 9. Qc2 Ng6 10. Nbd2 Nf4
11. Kh1 Nd3 12. a4 c5 13. Nb3 c4 14. Nc5 Bxc5 15. dxc5 Nxc5 16. Be3 Nb3 17. Ra3 Nd7 18. Nd2 Nxe5 19. Nxb3 cxb3
0-1

[Event "2015 Standard Chess Dropout Tournament, Round 2"]
[Site "SchemingMind.com"]
[Date "2015.03.13"]
[Round "2"]
[White "Brian Pott"]
[Black "chesshub"]
[Result "0-1"]
[WhiteCountry "AUS"]
[BlackCountry "FRA"]
[WhiteElo "2288"]
[WhiteRD "78"]
[BlackElo "2506"]
[BlackRD "67"]
[GameID "376573"]

1. e4 e5 2. Nf3 Nc6 3. Bb5 a6 4. Ba4 Nf6 5. O-O Be7 6. Re1 b5 7. Bb3 d6 8. c3 O-O 9. h3 Na5 10. Bc2 c5
11. d4 Qc7 12. Nbd2 cxd4 13. cxd4 Nc6 14. Nb3 a5 15. Be3 a4 16. Nbd2 Bd7 17. Rc1 Qb7 18. Qe2 Rfe8 19. d5 Nb4 20. Bb1 Rec8
21. b3 axb3 22. Nxb3 Rxc1 23. Rxc1 Ra4 24. Re1 Qa8 25. Nc1 Na6 26. Nd2 Nc5 27. f3 Nh5 28. Ndb3 Bh4 29. Rd1 Na6 30. Nd3 Ng3
31. Qd2 Qd8 32. Rc1 f5 33. Nb2 fxe4 34. Nxa4 bxa4 35. Na5 exf3 36. gxf3 Qf6 37. Qg2 Nb4 38. Be4 Nxe4 39. fxe4 Nd3 40. Rf1 Nf4
41. Bxf4 exf4 42. Nc6 h5 43. Qf3 Qg5+ 44. Qg2 Bg3 45. Rb1 Kh7 46. Nd4 Qe5 47. Nf3 Qc3 48. Qe2 Kh6 49. Kg2 Qc8 50. Rh1 h4
51. Qd3 g5 52. Nd4 g4 53. hxg4 Bxg4 54. Nf5+ Kg5 55. Rf1 a3 56. Kg1 Qb7 57. Rb1 Qa7+ 58. Nd4 h3 59. Rf1 Qb6 60. Rb1 Qc5
61. Rf1 Kh6 62. Kh1 Qb6
0-1

[Event "2015 Standard Chess Dropout Tournament, Round 2"]
[Site "SchemingMind.com"]
[Date "2015.03.16"]
[Round "2"]
[White "Brian_Jones"]
[Black "saxon"]
[Result "1/2-1/2"]
[WhiteCountry "AUS"]
[BlackCountry "GER"]
[WhiteElo "2357"]
[WhiteRD "122"]
[BlackElo "2524"]
[BlackRD "107"]
[GameID "376574"]

1. d4 Nf6 2. c4 e6 3. Nf3 b6 4. g3 Ba6 5. b3 Bb4+ 6. Bd2 Be7 7. Bg2 c6 8. Bc3 d5 9. Ne5 Nfd7 10. Nxd7 Nxd7
11. Nd2 O-O 12. O-O Rc8 13. e4 c5 14. exd5 exd5 15. dxc5 dxc4 16. cxb6 Nxb6 17. Re1 cxb3 18. Qxb3 Nd7 19. Ne4 Nc5 20. Nxc5 Bxc5
21. Rad1=
1/2-1/2

[Event "2015 Standard Chess Dropout Tournament, Round 2"]
[Site "SchemingMind.com"]
[Date "2015.03.12"]
[Round "2"]
[White "clare1347"]
[Black "Helga1946"]
[Result "0-1"]
[WhiteCountry "ENG"]
[BlackCountry "GER"]
[WhiteElo "2255"]
[WhiteRD "83"]
[BlackElo "2274"]
[BlackRD "76"]
[GameID "376575"]

1. d4 Nf6 2. c4 e6 3. Nf3 Be7 4. Nc3 d5 5. Bg5 Nc6 6. e3 O-O 7. Be2 h6 8. Bh4 dxc4 9. Bxc4 Ng4 10. Bxe7 Qxe7
11. O-O b6 12. Qc2 Bb7 13. a3 Rfd8 14. Rfd1 a6 15. Ba2 Nf6 16. e4 Na7 17. d5 e5 18. Rac1 Rd7 19. Nh4 Nc8 20. Nf5 Qd8
21. f4 exf4 22. Qf2 Ng4 23. Qxf4 Qg5 24. Qxg5 hxg5 25. Rd3 g6 26. Nd4 Ne5 27. Rg3 g4 28. Nd1 Nd6 29. Nf2 Re8 30. Bb1 Rde7
31. Rgc3 Rc8 32. a4 Kh7 33. b4 f6 34. Nd1 Kg8 35. Ne3 Kf7 36. a5 Kg8 37. Ne6 Nb5 38. R3c2 bxa5 39. bxa5 c6 40. Ba2 Kh8
41. dxc6 Rxc6 42. Rxc6 Nxc6 43. Nxg4 Nbd4 44. Nxd4 Nxd4 45. Rd1 Rxe4 46. Nxf6 Rf4 47. Rd2 Nc6 48. Rd6 Ne5 49. Re6 Nc6 50. g3 Rf5
51. h4 Nd4 52. Re7 Nf3+ 53. Kg2 Ne1+ 54. Kh3 Bg2+ 55. Kh2 Rxf6 56. Rxe1 Bc6 57. Bc4 Rf2+ 58. Kh3 Rf5 59. Bd3 Rxa5 60. Re7 g5
61. h5 Ra4 62. Bf5 Rb4 63. Rh7+ Kg8 64. Rc7 Bf3 65. h6 Rb8 66. g4 Bd5 67. Kg3 Bb3 68. Rg7+ Kh8 69. Rxg5 Rg8 70. Rh5 a5
71. h7 Rd8 72. g5 a4 73. g6 Bd5 74. Bc2 a3 75. Rg5 Kg7 76. Re5 a2 77. Kf4 a1=Q
0-1

[Event "2015 Standard Chess Dropout Tournament, Round 2"]
[Site "SchemingMind.com"]
[Date "2015.03.16"]
[Round "2"]
[White "Clive Everill"]
[Black "Jari Laine"]
[Result "0-1"]
[WhiteCountry "CZE"]
[BlackCountry "FIN"]
[WhiteElo "1674"]
[WhiteRD "56"]
[BlackElo "2376"]
[BlackRD "82"]
[GameID "376576"]

1. Nf3 Nf6 2. c4 b6 3. d4 e6 4. g3 Ba6 5. Qa4 c5 6. Bg2 Bb7 7. dxc5 Bxc5 8. O-O O-O 9. Nc3 Be7 10. Rd1 Na6
11. Bf4 Nc5 12. Qc2 Qc8 13. Rd4 d5 14. Rc1 Nce4 15. Nxe4 dxe4 16. Ng5 Bc5 17. Rdd1 Ng4 18. Nxe4 Bxe4 19. Bxe4 Bxf2+ 20. Kg2 f5
21. Bf3 Be3 22. Bxg4 Bxc1 23. Qxc1 fxg4 24. Rd6 e5 25. Bxe5 Qc5 26. Qg5 Qf2+
0-1

[Event "2015 Standard Chess Dropout Tournament, Round 2"]
[Site "SchemingMind.com"]
[Date "2015.03.11"]
[Round "2"]
[White "dadshane2000"]
[Black "Simon Green"]
[Result "1-0"]
[WhiteCountry "USA"]
[BlackCountry "ENG"]
[WhiteElo "1939"]
[WhiteRD "86"]
[BlackElo "1640"]
[BlackRD "53"]
[GameID "376577"]

1. e4 e6 2. Nc3 d5 3. d4 Nf6 4. e5 Nfd7 5. f4 c5 6. Nf3 Nc6 7. Be3 c4 8. f5 a6 9. a3 Qb6 10. Rb1 Qc7
11. Be2 Be7 12. fxe6 fxe6 13. O-O b5 14. Ng5 h6 15. Nxe6 Qa7 16. Bh5+
1-0

[Event "2015 Standard Chess Dropout Tournament, Round 2"]
[Site "SchemingMind.com"]
[Date "2015.03.12"]
[Round "2"]
[White "Dan Geana"]
[Black "Ramesh Panwar"]
[Result "1-0"]
[WhiteCountry "ROU"]
[BlackCountry "IND"]
[WhiteElo "2514"]
[WhiteRD "109"]
[BlackElo "2342"]
[BlackRD "55"]
[GameID "376578"]

1. e4 e5 2. Nf3 Nc6 3. Bb5 a6 4. Ba4 Nf6 5. O-O Be7 6. Re1 b5 7. Bb3 d6 8. c3 O-O 9. h3 Bb7 10. d4 h6
11. Nbd2 exd4 12. cxd4 Re8 13. a4 Nb4 14. Qe2 Rb8 15. axb5 axb5 16. e5 dxe5 17. dxe5 Bc5 18. Ra3 Bd5 19. Nf1 Nc6 20. Bxd5 Nxd5
21. Rd3 Qd7 22. Red1 Ncb4 23. R3d2 Ra8 24. Ng3 c6 25. Qe4 Qe6 26. Nf5 Qg6 27. Re2 Ra1 28. N3h4 Qh7 29. Kh2 Re6 30. Qf3 Bb6
31. Re4 h5 32. g4 Bc7 33. gxh5 Kh8 34. Rg1 Rxe5 35. Kh1 Rxe4 36. Qxe4
1-0

[Event "2015 Standard Chess Dropout Tournament, Round 2"]
[Site "SchemingMind.com"]
[Date "2015.03.16"]
[Round "2"]
[White "dapuka"]
[Black "ampp"]
[Result "1-0"]
[WhiteCountry "USA"]
[BlackCountry "POR"]
[WhiteElo "1683"]
[WhiteRD "82"]
[BlackElo "1477"]
[BlackRD "99"]
[GameID "376579"]

1. e4 e5 2. Nf3 Nc6 3. Nc3 Bc5 4. Bc4 Nf6 5. d3 h6 6. O-O O-O 7. a3 d5 8. Nxd5 Nxd5 9. Bxd5 Nd4 10. Nxe5 Qe7
11. Bf4 c6 12. Bc4 Be6 13. c3 Bxc4 14. Nxc4 b5 15. cxd4 Bxd4 16. Bd6 Qe6 17. Bxf8 Kxf8 18. Na5 Bxb2 19. Rb1 Bc3 20. Nb3 Qd6
21. Qc2 b4 22. axb4 Bxb4 23. d4 a5 24. e5 Qe6 25. Qh7 Ke7 26. Qe4 a4 27. Nc5 Bxc5 28. dxc5 f6 29. Rb7+ Kf8 30. Qg6 a3
31. Qxg7+ Ke8 32. Qh8+
1-0

[Event "2015 Standard Chess Dropout Tournament, Round 2"]
[Site "SchemingMind.com"]
[Date "2015.03.14"]
[Round "2"]
[White "pnwmusichound"]
[Black "Andreas Flato"]
[Result "1/2-1/2"]
[WhiteCountry "USA"]
[BlackCountry "GER"]
[WhiteElo "1878"]
[WhiteRD "95"]
[BlackElo "1766"]
[BlackRD "95"]
[GameID "376580"]

1. Nf3 d5 2. d4 c5 3. c4 e6 4. cxd5 exd5 5. Nc3 c4 6. g3 Bb4 7. Bg2 h6 8. Bf4 Nc6 9. O-O Bxc3 10. bxc3 Bf5
11. Qa4 a6 12. Ne5 Ne7 13. Rfe1 O-O 14. Qd1 b5 15. e3 a5 16. Nxc6 Nxc6 17. Qh5 Bg6 18. Qxd5 Qxd5 19. Bxd5 Rac8 20. a4 b4
21. cxb4 Nxb4 22. Bb7 c3 23. Bd6 Rfd8 24. Bxc8 Rxc8 25. Bc5 Nc2 26. Rac1 Nxe1 27. Rxe1 Be4 28. Rc1 c2 29. f3 Bxf3 30. Rxc2 Bd1
31. Rd2 Bxa4 32. Ra2 Bb3 33. Rxa5 Bd5 34. Kf2 f6 35. g4 Ra8= 36. Rxa8+ Bxa8 37. Kg3 g5 38. h4 Be4 39. hxg5= hxg5 40. Bb6 Kf7
41. Bd8 Ke6 42. Kf2=
1/2-1/2

[Event "2015 Standard Chess Dropout Tournament, Round 2"]
[Site "SchemingMind.com"]
[Date "2015.03.16"]
[Round "2"]
[White "Evans9EN"]
[Black "BlueMooner"]
[Result "1-0"]
[WhiteCountry "WLS"]
[BlackCountry "ENG"]
[WhiteElo "1967"]
[WhiteRD "91"]
[BlackElo "1828"]
[BlackRD "87"]
[GameID "376581"]

1. d4 Nf6 2. c4 c5 3. d5 b5 4. cxb5 a6 5. bxa6 g6 6. Nc3 Bxa6 7. Nf3 Bg7 8. g3 d6 9. Bg2 Nbd7 10. Rb1 Nb6
11. b3 Bb7 12. Nh4 O-O 13. O-O Ng4 14. Bb2 Bxc3 15. Bxc3 Rxa2 16. e4 Ne5 17. f4 Ned7 18. Ra1 Qa8 19. Qg4 Nf6 20. Nf5 Re8
21. Nxe7+ Kf8 22. Bxf6 Rxa1 23. Rxa1 Qd8 24. Nxg6+
1-0

[Event "2015 Standard Chess Dropout Tournament, Round 2"]
[Site "SchemingMind.com"]
[Date "2015.03.11"]
[Round "2"]
[White "fouche"]
[Black "Stephen Woodhouse"]
[Result "0-1"]
[WhiteCountry "COL"]
[BlackCountry "ENG"]
[WhiteElo "1560"]
[WhiteRD "59"]
[BlackElo "1873"]
[BlackRD "50"]
[GameID "376582"]

1. d4 e6 2. e4 d5 3. Nc3 Nf6 4. Bg5 dxe4 5. Nxe4 Be7 6. Nxf6+ Bxf6 7. Bxf6 Qxf6 8. Nf3 O-O 9. Bd3 c5 10. c3 cxd4
11. cxd4 Bd7 12. O-O Bc6 13. Rc1 Nd7 14. Re1 Rac8 15. Ne5 Nxe5 16. dxe5 Qg5 17. Bf1 Rfd8 18. Qe2 a6 19. g3 Bb5 20. Qe3 Qxe3
21. fxe3 Bxf1 22. Rxf1 Kf8 23. Rxc8 Rxc8 24. Rf2 Ke7 25. Kg2 Rc5 26. Rd2 Rxe5 27. Kf3 Rd5 28. Rc2 e5 29. Ke4 Ke6 30. Rc7 f5+
31. Kf3 Rd7 32. Rc5 g5 33. h4 h6 34. hxg5 hxg5 35. g4 fxg4+ 36. Kxg4 Rg7 37. e4 Kd6 38. Rd5+ Ke6 39. Rc5 Rd7 40. a4 Rd4
41. b3 Rxe4+ 42. Kxg5 Rb4 43. Rc3 Kd5 44. Re3 Kd4 45. Rh3 e4 46. Kf5 e3 47. Ke6 e2 48. Rh1 Ke3 49. Kd6 Kd2
0-1

[Event "2015 Standard Chess Dropout Tournament, Round 2"]
[Site "SchemingMind.com"]
[Date "2015.03.12"]
[Round "2"]
[White "daki"]
[Black "CapuzziG"]
[Result "1-0"]
[WhiteCountry "SRB"]
[BlackCountry "ITA"]
[WhiteElo "1961"]
[WhiteRD "99"]
[BlackElo "1805"]
[BlackRD "79"]
[GameID "376583"]

1. e4 d5 2. exd5 Nf6 3. Nc3 Nxd5 4. d4 g6 5. Nf3 Bg7 6. Bc4 Nxc3 7. bxc3 O-O 8. O-O c5 9. Ba3 Nd7 10. Re1 Qa5
11. Bb2 Nb6 12. Be2 e6 13. c4 cxd4 14. Bxd4 Rd8 15. c3 Na4 16. Qb3 Nxc3 17. Bxg7 Nxe2+ 18. Rxe2 Kxg7 19. Qb2+ f6 20. Rae1 e5
21. Nd2 Qa6 22. Ne4 Rd4 23. Nxf6 Qxf6 24. Rxe5 Qxe5 25. Rxe5
1-0

[Event "2015 Standard Chess Dropout Tournament, Round 2"]
[Site "SchemingMind.com"]
[Date "2015.03.12"]
[Round "2"]
[White "Diadoco"]
[Black "daki"]
[Result "0-1"]
[WhiteCountry "MEX"]
[BlackCountry "SRB"]
[WhiteElo "1976"]
[WhiteRD "95"]
[BlackElo "1943"]
[BlackRD "99"]
[GameID "376585"]

1. e4 c5 2. Nf3 d6 3. d4 cxd4 4. Nxd4 Nf6 5. Nc3 a6 6. Bg5 e6 7. f4 Be7 8. Qf3 Qc7 9. O-O-O Nbd7 10. g4 h6
11. Bxf6 Bxf6 12. h4 g5 13. hxg5 hxg5 14. Rxh8+ Bxh8 15. fxg5 Qc5 16. Qe3 b5 17. Bg2 Bb7 18. Qd2 Ne5 19. Nb3 Qb6 20. Qxd6 Qxd6
21. Rxd6 Nc4 22. Rd3 Be5 23. Nc5 Bc6 24. g6 fxg6 25. Nxe6 Ke7 26. Ng5 Bf4+
0-1

[Event "2015 Standard Chess Dropout Tournament, Round 2"]
[Site "SchemingMind.com"]
[Date "2015.03.11"]
[Round "2"]
[White "Don71"]
[Black "fu_manchu"]
[Result "1-0"]
[WhiteCountry "NIR"]
[BlackCountry "CAN"]
[WhiteElo "2311"]
[WhiteRD "93"]
[BlackElo "1880"]
[BlackRD "76"]
[GameID "376586"]

1. e4 c5 2. Nf3 d6 3. Bb5+ Nc6 4. d4 cxd4 5. Nxd4 Bd7 6. Nc3 Nf6 7. O-O e5 8. Nf5 Nxe4 9. Nxg7+ Bxg7 10. Nxe4 O-O
11. Bg5 Qb6 12. Nf6+ Bxf6 13. Bxf6 Qd4 14. Qc1 Qf4 15. Qxf4 exf4 16. Rfd1 Bf5 17. Rxd6 Bxc2 18. Rc1 Bg6 19. Rd7 a6 20. Bf1 Rab8
21. f3 Rfe8 22. h4 Re6 23. Bg5 Ne5 24. Rd2 b5 25. Bxf4 Rbe8 26. a4 Nc4 27. Rd5 Nxb2 28. axb5 axb5 29. Bxb5 Re1+ 30. Kh2 Rxc1
31. Bxc1
1-0

[Event "2015 Standard Chess Dropout Tournament, Round 2"]
[Site "SchemingMind.com"]
[Date "2015.03.16"]
[Round "2"]
[White "edg"]
[Black "Andrew Burruss"]
[Result "1-0"]
[WhiteCountry "USA"]
[BlackCountry "USA"]
[WhiteElo "1683"]
[WhiteRD "68"]
[BlackElo "1311"]
[BlackRD "97"]
[GameID "376587"]

1. c4 e5 2. Nc3 Bc5 3. g3 d6 4. Bg2 c6 5. Nf3 Nf6 6. d3 d5 7. Nxe5 O-O 8. cxd5 Nxd5 9. d4 Bd6 10. O-O Nf6
11. Nc4 Bc7 12. a3 Nbd7 13. e4 Nb6 14. b3 g6 15. Bh6 Re8 16. e5 Ng4 17. Bc1 Nxc4 18. bxc4 a6 19. h3 Nxe5 20. dxe5 Bxe5
21. Bb2 Bf6 22. Na4 Qe7 23. Bxf6 Qxf6 24. c5 Bf5 25. Qb3 b5 26. cxb6 Rab8 27. g4 Be6 28. Qb4 h5 29. Bxc6 Red8 30. Rad1 hxg4
31. Rxd8+ Rxd8 32. b7 Rb8 33. Nc5 gxh3 34. Nxe6 Qxe6 35. Qf4 Rxb7 36. Bxb7 a5 37. a4 Qd7 38. Bf3 Qe7 39. Qg4 Qe6 40. Qxe6 fxe6
41. Bg4 Kf7 42. Re1
1-0

[Event "2015 Standard Chess Dropout Tournament, Round 2"]
[Site "SchemingMind.com"]
[Date "2015.03.13"]
[Round "2"]
[White "emvarela"]
[Black "Faloan"]
[Result "1-0"]
[WhiteCountry "ARG"]
[BlackCountry "GER"]
[WhiteElo "1673"]
[WhiteRD "49"]
[BlackElo "1934"]
[BlackRD "156"]
[GameID "376588"]

1. e4 c5 2. Nf3 e6 3. d4 cxd4 4. Nxd4 Nc6 5. Nxc6 bxc6 6. Bd3 Nf6 7. Bg5 Be7 8. Bxf6 Bxf6 9. c3 O-O 10. O-O d5
11. exd5 cxd5 12. Nd2 Rb8 13. Qc2 g6 14. Nb3 Qb6 15. Rad1 Bd7 16. c4 Rfc8 17. Qe2 d4 18. Rc1 Ba4 19. c5 Qb4 20. Rc4
1-0

[Event "2015 Standard Chess Dropout Tournament, Round 2"]
[Site "SchemingMind.com"]
[Date "2015.03.13"]
[Round "2"]
[White "Fjoskrakk"]
[Black "Robert Bruce"]
[Result "0-1"]
[WhiteCountry "NOR"]
[BlackCountry "SCO"]
[WhiteElo "2004"]
[WhiteRD "110"]
[BlackElo "2145"]
[BlackRD "68"]
[GameID "376589"]

1. e4 c6 2. Nf3 d5 3. Nc3 Bg4 4. h3 Bh5 5. exd5 cxd5 6. Bb5+ Nc6 7. g4 Bg6 8. Ne5 Rc8 9. d4 e6 10. Qe2 Bb4
11. h4 Ne7 12. h5 Be4 13. f3 O-O 14. Nxc6 Nxc6 15. Be3 Bxc3+ 16. bxc3 Bxf3 17. Qxf3 Qa5 18. Bxc6 Qxc3+ 19. Kf2 Rxc6 20. Qe2 f5
21. gxf5 Rxf5+ 22. Kg3 e5 23. Qd3 Rf3+ 24. Kg2 Rxe3 25. Qxc3 Rcxc3 26. dxe5 Rxc2+ 27. Kf1 b5 28. Rh4 Rxe5 29. Rb1 a6 30. a4 Rc4
31. Rxc4 dxc4 32. axb5 axb5 33. h6 gxh6 34. Ra1 c3 35. Ra8+ Kf7 36. Rc8 b4 37. Kf2 Ke6 38. Rc4 Kd5 39. Rxb4 c2 40. Rb5+ Ke6
41. Rb6+ Kd7 42. Rb7+ Kc6 43. Rxh7 c1=Q
0-1

[Event "2015 Standard Chess Dropout Tournament, Round 2"]
[Site "SchemingMind.com"]
[Date "2015.03.12"]
[Round "2"]
[White "frankly"]
[Black "JMD"]
[Result "1-0"]
[WhiteCountry "ENG"]
[BlackCountry "GBR"]
[WhiteElo "2425"]
[WhiteRD "64"]
[BlackElo "1521"]
[BlackRD "91"]
[GameID "376590"]

1. d4 d5 2. c4 Bf5 3. cxd5 Bxb1 4. Rxb1 Qxd5 5. e3 Qxa2 6. Bd2 Qd5 7. Rc1 Nc6 8. Nf3 Nf6 9. Bc4 Qh5 10. Qb3 Na5
11. Qa4+ c6 12. Ba6 e6 13. Bxb7 Nxb7 14. Qxc6+ Nd7 15. Ne5 Rd8 16. Qxb7 Nxe5 17. Qb5+ Ke7 18. dxe5 Rd7 19. Bb4+ Kd8 20. Qb8#
1-0

[Event "2015 Standard Chess Dropout Tournament, Round 2"]
[Site "SchemingMind.com"]
[Date "2015.03.11"]
[Round "2"]
[White "CapuzziG"]
[Black "pmdpsp"]
[Result "1-0"]
[WhiteCountry "ITA"]
[BlackCountry "GER"]
[WhiteElo "1866"]
[WhiteRD "84"]
[BlackElo "1767"]
[BlackRD "86"]
[GameID "376591"]

1. d4 g6 2. e4 d6 3. Nc3 Bg7 4. Nf3 Nc6 5. Be3 Bd7 6. Bc4 a6 7. O-O b5 8. Bb3 a5 9. a4 b4 10. Nd5 e6
11. Nf4 Nge7 12. c4 O-O 13. Qd2 e5 14. dxe5 Nxe5 15. Nxe5 Bxe5 16. Nd5 c6 17. Nb6 Rb8 18. c5 Nc8 19. Nc4 Qc7 20. f4 d5
21. Nxe5
1-0

[Event "2015 Standard Chess Dropout Tournament, Round 2"]
[Site "SchemingMind.com"]
[Date "2015.03.12"]
[Round "2"]
[White "Glenn O'Brien"]
[Black "lemme howdt"]
[Result "1-0"]
[WhiteCountry "AUS"]
[BlackCountry "USA"]
[WhiteElo "2070"]
[WhiteRD "77"]
[BlackElo "1521"]
[BlackRD "79"]
[GameID "376592"]

1. e4 e5 2. Nf3 Nc6 3. Bb5 a6 4. Ba4 Nf6 5. O-O Bc5 6. c3 b5 7. Bb3 O-O 8. d4 exd4 9. cxd4 Bb4 10. a3 Ba5
11. e5 Ne8 12. Bc2 g6 13. Bh6 Ng7 14. d5 Ne7 15. b4 Bb6 16. Nc3 Bb7 17. Bg5 Ngf5 18. Bxf5 gxf5 19. d6 cxd6 20. Qxd6 Re8
21. Qh6 Qc7 22. Bf6
1-0

[Event "2015 Standard Chess Dropout Tournament, Round 2"]
[Site "SchemingMind.com"]
[Date "2015.03.12"]
[Round "2"]
[White "guyhayton"]
[Black "Glenn O'Brien"]
[Result "0-1"]
[WhiteCountry "ENG"]
[BlackCountry "AUS"]
[WhiteElo "1902"]
[WhiteRD "115"]
[BlackElo "2100"]
[BlackRD "76"]
[GameID "376593"]

1. e4 e5 2. Nf3 Nc6 3. d4 exd4 4. Nxd4 Bc5 5. Be3 Qf6 6. c3 Nge7 7. Na3 Bxa3 8. bxa3 O-O 9. Bc4 Qg6 10. O-O Qxe4
11. Bd3 Qe5 12. Re1 Nxd4 13. Bxd4 Qd6 14. Qh5 Ng6 15. Rad1 Qc6 16. Be4 Qc4 17. f4 d6 18. f5 c5
0-1

[Event "2015 Standard Chess Dropout Tournament, Round 2"]
[Site "SchemingMind.com"]
[Date "2015.03.13"]
[Round "2"]
[White "fu_manchu"]
[Black "John Elburg"]
[Result "0-1"]
[WhiteCountry "CAN"]
[BlackCountry "NED"]
[WhiteElo "1880"]
[WhiteRD "76"]
[BlackElo "2527"]
[BlackRD "108"]
[GameID "376594"]

1. d4 Nf6 2. c4 g6 3. Nf3 Bg7 4. Nc3 O-O 5. e3 d5 6. Be2 c6 7. O-O a6 8. Qc2 Qc7 9. h3 b5 10. cxb5 cxb5
11. a3 Nc6 12. Bd2 Qd6 13. Rac1 Bd7 14. Qd1 Rac8 15. Na2 Ne4 16. Be1 Bf5 17. Nb4 Nxb4 18. Bxb4 Qd7 19. Ne5 Bxe5 20. dxe5 Rxc1
21. Qxc1 Rc8 22. Qd1 Nc5 23. g4 Be6 24. f4 Qc7 25. Bf3 Ne4 26. Kg2 a5 27. Be1 Qc2+ 28. Qxc2 Rxc2+ 29. Kg1 Rxb2 30. Bxe4 dxe4
31. Bxa5 Rb3 32. Bb4 Rxe3 33. Bxe7 Rxh3 34. f5 Bc4 35. Rf2 e3 36. Rh2 Rf3 37. Kg2 e2 38. Bb4 Bd5 39. Kg1 Rf1#
0-1

[Event "2015 Standard Chess Dropout Tournament, Round 2"]
[Site "SchemingMind.com"]
[Date "2015.03.15"]
[Round "2"]
[White "gabeeg"]
[Black "Lanaroon"]
[Result "1-0"]
[WhiteCountry "USA"]
[BlackCountry "ENG"]
[WhiteElo "2168"]
[WhiteRD "90"]
[BlackElo "1476"]
[BlackRD "102"]
[GameID "376595"]

1. Nf3 d5 2. c4 e6 3. g3 Nf6 4. d4 dxc4 5. Bg2 Nc6 6. Qa4 Bb4+ 7. Bd2 Nd5 8. Bxb4 Nxb4 9. O-O Bd7 10. a3 b5
11. Qxb5 Nc2 12. Ra2 N2xd4 13. Qxc4 Qf6 14. Nxd4 Nxd4 15. Bxa8 O-O 16. Bb7 c6 17. Nc3 e5 18. Ne4 Qe6 19. b3 Qxc4 20. bxc4 f5
21. Nc5 Bc8 22. Bxc8 Rxc8 23. e3 Nf3+ 24. Kg2 Ng5 25. Rd2 Kf7 26. Rfd1 Kf6 27. Rd7 Ne4 28. Nxe4+ fxe4 29. R1d6+
1-0

[Event "2015 Standard Chess Dropout Tournament, Round 2"]
[Site "SchemingMind.com"]
[Date "2015.03.11"]
[Round "2"]
[White "Helga1946"]
[Black "michel"]
[Result "1/2-1/2"]
[WhiteCountry "GER"]
[BlackCountry "CAN"]
[WhiteElo "2194"]
[WhiteRD "77"]
[BlackElo "2355"]
[BlackRD "59"]
[GameID "376596"]

1. d4 Nf6 2. c4 c5 3. d5 b5 4. cxb5 a6 5. e3 axb5 6. Bxb5 Qa5+ 7. Nc3 Bb7 8. Bd2 Qb6 9. Nf3 Nxd5 10. Nxd5 Bxd5
11. a4 e6 12. Qe2 Be7 13. e4 Bc6 14. O-O O-O 15. Bc3 d6 16. Nd2 Qb7 17. b4 cxb4 18. Bxb4 Rc8 19. Rfc1 Na6 20. Ba3 h6
21. Bxc6 Rxc6 22. a5 Nb8 23. Rab1 Rxc1+ 24. Bxc1 Qc6 25. Nc4 Nd7 26. Bf4 Nc5 27. f3 Nb7 28. Bd2 Bd8 29. Nb6 Ra7 30. Rc1 Bxb6+
31. axb6 Qxb6+ 32. Be3 Qa6 33. Rc8+ Kh7 34. Qxa6 Rxa6 35. Rc7 Nc5=
1/2-1/2